| 000 | 00594nam a2200205Ia 4500 | ||
|---|---|---|---|
| 003 | OSt | ||
| 005 | 20240919105442.0 | ||
| 008 | 210210b1976 xxu||||| |||| 00| 0 eng d | ||
| 040 | _cAL | ||
| 041 | _aKannada | ||
| 082 | _aK894.301 MANB | ||
| 100 |
_aMANOHARA. _dಮನೋಹರ _9179494 |
||
| 245 |
_aBiraballana chaturyada kathegalu. _bಬೀರಬಲ್ಲನ ಚಾತುರ್ಯದ ಕಥೆಗಳು |
||
| 260 |
_aDharavada _bSamaja Pustakalaya _c1976 |
||
| 300 | _a130 | ||
| 650 |
_aSanna kategalu _9179495 |
||
| 690 |
_aKannada Fiction _9179496 |
||
| 906 | _a032343 | ||
| 942 |
_2ddc _cBK |
||
| 999 |
_c83429 _d83429 |
||